[Event "Warsaw YMCA Autumn-B 221st"]
[Site "Warsaw"]
[Date "2019.10.23"]
[Round "6"]
[White "Gierech, Pawel"]
[Black "Okurowski, Michal"]
[Result "1-0"]
[WhiteElo "1670"]
[BlackElo "1645"]
[PlyCount "47"]
[EventDate "2019.09.20"]
[EventType "tourn"]
[EventRounds "13"]
[EventCountry "POL"]
[SourceTitle "CBM 195 Extra"]
[Source "ChessBase"]
[SourceDate "2020.05.31"]
[SourceVersion "1"]
[SourceVersionDate "2020.05.31"]
[SourceQuality "1"]

1. e4 e5 2. Bc4 Nf6 3. d4 Nxe4 4. dxe5 Ng5 5. f4 Ne6 6. Be3 d6 7. Nf3 Be7 8. 0-0 dxe5 9. Nxe5 Qxd1 10. Rxd1 Nd7 11. Nxf7 Kxf7 12. f5 Nf6 13. Nc3 g6 14. Nb5 Bd6 15. Rxd6 cxd6 16. Nxd6+ Ke7 17. Nxc8+ Raxc8 18. Bxe6 Rxc2 19. Bg5 gxf5 20. Re1 Rxb2 21. Bb3+ Kd6 22. Bxf6 Rxb3 23. axb3 Rf8 24. Be7+ 1-0

[Event "Warsaw YMCA Spring-B 214th"]
[Site "Warsaw"]
[Date "2019.05.07"]
[Round "4"]
[White "Kurdzialek, Stanislaw"]
[Black "Okurowski, Michal"]
[Result "1/2-1/2"]
[WhiteElo "1675"]
[BlackElo "1560"]
[PlyCount "67"]
[EventDate "2019.04.11"]
[EventType "tourn"]
[EventRounds "11"]
[EventCountry "POL"]
[SourceTitle "EXT 2020"]
[Source "ChessBase"]
[SourceDate "2019.10.17"]
[SourceVersion "1"]
[SourceVersionDate "2019.10.17"]
[SourceQuality "1"]

1. e4 e5 2. Nc3 Nf6 3. g3 Bc5 4. Bg2 d6 5. Nge2 a6 6. h3 Be6 7. 0-0 Qd7 8. Kh2 Nh5 9. d4 exd4 10. Nxd4 Bxd4 11. Qxd4 Nc6 12. Qd1 g6 13. Nd5 Bxd5 14. exd5 Ne7 15. Qd4 0-0 16. g4 Ng7 17. Bh6 f6 18. f4 Rf7 19. Rae1 f5 20. g5 Re8 21. Re3 Nc8 22. Rfe1 Rxe3 23. Rxe3 Re7 24. Bf3 Rxe3 25. Qxe3 Qa4 26. b3 Qxa2 27. Qc3 Ne8 28. h4 Qb1 29. h5 Qc1 30. Kg3 Qg1+ 31. Kh3 Qf1+ 32. Kg3 Qg1+ 33. Kh3 Qf1+ 34. Kg3 1/2-1/2

[Event "Warsaw YMCA Spring-B 214th"]
[Site "Warsaw"]
[Date "2019.05.07"]
[Round "6"]
[White "Sieczkowski, Adam"]
[Black "Okurowski, Michal"]
[Result "1-0"]
[WhiteElo "1647"]
[BlackElo "1560"]
[PlyCount "63"]
[EventDate "2019.04.11"]
[EventType "tourn"]
[EventRounds "11"]
[EventCountry "POL"]
[SourceTitle "EXT 2020"]
[Source "ChessBase"]
[SourceDate "2019.10.17"]
[SourceVersion "1"]
[SourceVersionDate "2019.10.17"]
[SourceQuality "1"]

1. Nf3 Nc6 2. d4 d5 3. g3 Bg4 4. Bg2 Bxf3 5. Bxf3 Nf6 6. 0-0 e6 7. Bf4 Bd6 8. Bxd6 cxd6 9. e3 Qb6 10. b3 Rc8 11. Nd2 0-0 12. c4 Ne7 13. Qe2 Qc7 14. Rfc1 Qd7 15. Rc2 dxc4 16. bxc4 Qa4 17. Rb2 b6 18. a3 d5 19. Rb4 Qc2 20. Qd1 Qd3 21. Rb3 Qf5 22. cxd5 Nexd5 23. e4 Nxe4 24. Bxe4 Qf6 25. Bxd5 exd5 26. Nf3 Rfe8 27. Ne5 Qd6 28. Rc1 f6 29. Nf3 Rc4 30. Rbc3 Rec8 31. Qe1 Qxa3 32. Qe6+ 1-0

[Event "Warsaw YMCA Winter-C 211st"]
[Site "Warsaw"]
[Date "2019.01.09"]
[Round "1"]
[White "Bartczak, Hanna"]
[Black "Okurowski, Michal"]
[Result "1-0"]
[WhiteElo "1456"]
[BlackElo "1558"]
[PlyCount "75"]
[EventDate "2019.01.09"]
[EventType "tourn"]
[EventRounds "13"]
[EventCountry "POL"]
[SourceTitle "EXT 2021"]
[Source "ChessBase"]
[SourceDate "2020.10.23"]
[SourceVersion "1"]
[SourceVersionDate "2020.10.23"]
[SourceQuality "1"]

1. d4 Nf6 2. c4 g6 3. Nf3 d6 4. g3 Bg7 5. Bg2 0-0 6. 0-0 Nc6 7. Nc3 Rb8 8. b3 e5 9. dxe5 Nxe5 10. Nxe5 dxe5 11. e4 Bg4 12. f3 Qd4+ 13. Qxd4 exd4 14. Nd5 Nxd5 15. cxd5 Bd7 16. Ba3 Rfc8 17. Rac1 c5 18. Rxc5 Rxc5 19. Bxc5 b6 20. Ba3 Rc8 21. Rc1 d3 22. Rxc8+ Bxc8 23. Bb4 Bd4+ 24. Kf1 a5 25. Bd2 Kf8 26. Ke1 Ke7 27. Bf1 Ba6 28. h4 Kd6 29. Bf4+ Kc5 30. Kd2 Kb4 31. Bd6+ Bc5 32. Bxc5+ bxc5 33. Bxd3 Bc8 34. f4 Bd7 35. e5 Ka3 36. Bc4 Kb4 37. d6 a4 38. Bxf7 1-0